LEADER 00874nam0-22002891i-450- 001 990006203050403321 005 19980601 035 $a000620305 035 $aFED01000620305 035 $a(Aleph)000620305FED01 035 $a000620305 100 $a19980601d1955----km-y0itay50------ba 105 $a--------00-yy 200 1 $aElementi di contabilita' di Stato con richiami all'ordinamento contabile delle regioni, dei Comuni e di altri enti pubblici$fCalogero Bentivenga. 205 $a2. ed. riv. - 210 $aMilano$cGiuffre'$d1955 215 $aXII,, 610 p.$d25 cm 676 $a343.04 700 1$aBentivenga,$bCalogero$0109899 801 0$aIT$bUNINA$gRICA$2UNIMARC 901 $aBK 912 $a990006203050403321 952 $aXIV E 23$b47162$fFGBC 959 $aFGBC 996 $aElementi di contabilità di Stato$9269684 997 $aUNINA DB $aGIU01 LEADER 01123nam a2200289 i 4500 001 991001222479707536 005 20020507185515.0 008 930909s1973 us ||| | eng 020 $a0821814230 035 $ab10817682-39ule_inst 035 $aLE01308923$9ExL 040 $aDip.to Matematica$beng 082 0 $a515.353 084 $aAMS 35-XX 084 $aQA374.S93 100 1 $aSpencer, Donald Clayton$0102699 245 10$aPartial differential equations :$bproc. symp. in Pure math. of AMS held at Univ. California, Berkeley, August 9-27, 1971 /$ced. D. C. Spencer 260 $aProvidence, R. I. :$bAmerican Mathematical Society,$c1973 300 $avii, 505 p. ;$c25 cm. 500 $aConference/meeting Berkeley 1971 650 4$aPartial differential equations$xCongresses 907 $a.b10817682$b21-09-06$c28-06-02 912 $a991001222479707536 945 $aLE013 35-XX SPE11 (1973)$g1$i2013000002903$lle013$o-$pE0.00$q-$rl$s- $t0$u1$v0$w1$x0$y.i10924401$z28-06-02 996 $aPartial differential equations$9925116 997 $aUNISALENTO 998 $ale013$b01-01-93$cm$da $e-$feng$gus $h0$i1